000 01694nam a2200361 c 4500
003 BLK
005 20230905122923.0
008 180408b bul|||||r ||||||| ||bul||
010 _aKNG00040918000
040 _aBLK
041 _aBUL
_cBUL
080 _aСелскостопански мелиорации
_b631.6
_x(075.8)
_z631.6(075.8)
100 1 _aВасилев, Васил Трендафилов
_eпърви автор
_9275770
700 1 _aЦенова, Лиляна К.
_eсъавт.
_9275771
700 1 _aГеоргиев, Георги Велинов
_eсъавт.
_9275772
139 _aВасилев, Васил Трендафилов и др.
_bВ 24
245 1 0 _aСелскостопански мелиорации
_bУчебник за студентите от ВСИ В. Коларов - Пловдив
_cВасил Трендафилов Василев; съавт. Лиляна К. Ценова; съавт. Георги Велинов Георгиев.
250 _a2. изд.
257 _aBGR
260 Пловдив
_bЗемиздат
_c1988
_fХасково : Ат. Стратиев
300 _a200 с.
_bс черт., табл., диагр.
_c25 см
380 _a63
500 _a1. изд. 1981. - 2 084 тир. - Библиогр. с. 195.
650 4 _aСелскостопанска хидромелиорация
_9275773
653 _aселско стопанство
653 _aхидромелиорации
852 _aЦб 153209
856 4 _qpdf
_u
856 4 _qpdf
_u
942 _cKNG
_n0
_01
944 _aCR
_c24.08.2016
_k30530
_lМинев Младен
944 _aED
_c24.08.2016
_kТеодора_Стоянова
999 _c37750
_d37750